书目信息 |
| 题名: |
钢铁热处理实用技术
|
|
| 作者: | 许天已 编著 | |
| 分册: | ||
| 出版信息: | 北京 化学工业出版社 2008.04 |
|
| 页数: | 578页 | |
| 开本: | 21cm | |
| 丛书名: | ||
| 单 册: | ||
| 中图分类: | TG161 , TG163 | |
| 科图分类: | ||
| 主题词: | 钢--gang--热处理 , 铸铁--zhu tie--热处理 | |
| 电子资源: | ||
| ISBN: | 978-7-122-01900-4 | |
| 000 | 00938nam0 2200277 450 | |
| 001 | 012009008527 | |
| 005 | 20090502200827.51 | |
| 010 | @a978-7-122-01900-4@dCNY38.00 | |
| 100 | @a20090502d2008 em y0chi0120 ea | |
| 101 | 0 | @achi |
| 102 | @aCN@b110000 | |
| 105 | @aa a 000yy | |
| 106 | @ar | |
| 200 | 1 | @a钢铁热处理实用技术@Agang tie re chu li shi yong ji shu@f许天已编著@Fxu tian yi bian zhu |
| 205 | @a第2版 | |
| 210 | @a北京@c化学工业出版社@d2008.04 | |
| 215 | @a578页@c图@d21cm | |
| 320 | @a有书目 (第578页) | |
| 330 | @a本书主要介绍了金属材料基础知识、钢的热处理原理、钢的热处理工艺、合金钢的热处理、铸铁的热处理、热处理缺陷及防止,另外还介绍了生产中常用的热处理用设备以及热处理前的准备工作。 | |
| 606 | 0 | @a钢@Agang@x热处理 |
| 606 | 0 | @a铸铁@Azhu tie@x热处理 |
| 690 | @aTG161@v4 | |
| 690 | @aTG163@v4 | |
| 701 | 0 | @a许天已@Axu tian yi@4编著 |
| 801 | 0 | @aCN@bQSSK@c20090502 |
| 905 | @b740953-55@dTG161@eX898@f3 | |
| 钢铁热处理实用技术/许天已编著.-第2版.-北京:化学工业出版社,2008.04 |
| 578页:图;21cm |
| ISBN 978-7-122-01900-4:CNY38.00 |
| 本书主要介绍了金属材料基础知识、钢的热处理原理、钢的热处理工艺、合金钢的热处理、铸铁的热处理、热处理缺陷及防止,另外还介绍了生产中常用的热处理用设备以及热处理前的准备工作。 |
| ● |
| 相关链接 |
|
|
|
正题名:钢铁热处理实用技术
索取号:TG161/X898
 
预约/预借
| 序号 | 登录号 | 条形码 | 馆藏地/架位号 | 状态 | 备注 |
| 1 | 740953 | 207409534 | 期刊室512/501自科库 25排2列2层/ [索取号:TG161/X898] | 在馆 | |
| 2 | 740954 | 207409543 | 自科二线400A/400A自科库 27排3列3层/ [索取号:TG161/X898] | 在馆 | |
| 3 | 740955 | 207409552 | 自科库501/501自科库 25排2列2层/ [索取号:TG161/X898] | 在馆 |